Movies Quiz

Random Movies or Country Quiz
Score 0/33 Timer 05:00
0 Plays Today
Movies Country % Correct
Grand Illusion (1937), Breathless (1960), Amelie (2001)France
89.9%
Ju Dou (1990), Hero (2002), House of Flying Daggers (2004)China
87.8%
The 39 Steps (1935), The Bridge on the River Kwai (1957), The Full Monty (1997)United Kingdom
86.4%
Citizen Kane (1941), Chinatown (1974), Requiem for a Dream (2000)United States
85%
The World of Apu (1959), Fire (1996), Monsoon Wedding (2001)India
71.4%
The Young and the Damned (1950), Amores Perros (2000), Y Tu Mamá También (2001)Mexico
71.4%
Nosferatu (1921), Metropolis (1927), Run Lola Run (1998)Germany
67.8%
Bicycle Thieves (1948), La Strada (1954), Mediterraneo (1991)Italy
66.7%
Oldboy (2003), Tae Guk Gi: The Brotherhood of War (2004), Mother (2009)South Korea
55.6%
Breaker Morant (1980), Gallipoli (1981), Moulin Rouge! (2001)Australia
54.9%
The Gods Must Be Crazy (1980), Sarafina! (1992), Tsotsi (2005)South Africa
54.3%
24 Hours of Explicit Sex (1985), City of God (2002), The Elite Squad (2007)Brazil
53.1%
Rashomon (1950), Grave of the Fireflies (1988), Battle Royale (2000)Japan
50%
Beaufort (2007), Waltz with Bashir (2008), Lebanon (2009)Israel
49.9%
Crouching Tiger, Hidden Dragon (2000), Yi Yi: A One and a Two (2000), Silk (2006)Taiwan
48.8%
Heavenly Creatures (1994), Once Were Warriors (1994), Eagle vs. Shark (2007)New Zealand
41.2%
The Butcher Boy (1997), The Magdalene Sisters (2002), Once (2006)Ireland
36.8%
Movies Country % Correct
The Spirit of the Beehive (1973), Open Your Eyes (1997), Sex and Lucia (2001)Spain
35.3%
Ashes and Diamonds (1958), Three Colors: White (1994), Katyń (2007)Poland
33.8%
Wild Strawberries (1957), My Life as a Dog (1985), Lilya-4-Ever (2002)Sweden
32.1%
Videodrome (1983), The Sweet Hereafter (1997), Brand Upon the Brain! (2007)Canada
31.8%
The Death of Mr. Lazarescu (2005), The Paper Will Be Blue (2006), 4 Months, 3 Weeks, and 2 Days (2007)Romania
30.6%
Insomnia (1997), Cold Prey (2006), Dead Snow (2009) Norway
27.8%
Nazareno Cruz and the Wolf (1975), The Official Story (1985), The Secret in their Eyes (2009)Argentina
25.8%
The Celebration (1998), Dancer in the Dark (2000), Flame & Citron (2008) Denmark
24.2%
Man Bites Dog (1992), The Alzheimer Case (2003), L'Enfant (2005)Belgium
23.3%
Burnt by the Sun (1994), The Return (2003), Night Watch (2004)Russia
21.4%
A Question of Silence (1982), The Vanishing (1988), Blackbook (2006), Netherlands
17.1%
Funny Games (1997), The Counterfeiters (2007), Revanche (2008)Austria
15.1%
Electra (1962), From the Edge of the City (1998), Dogtooth (2009)Greece
14.1%
Merry-Go-Round (1956), Mephisto (1981), Kontroll (2003), Hungary
7.8%
Close-Up (1990), White Balloon (1995), Children of Heaven (1997)Iran
7.7%
Black Girl (1966), Hyenas (1992), Moolaadé (2004), Senegal
4.3%
Remove Ads.
Support Sporcle.
Get the best of Sporcle when you Go Orange. This ad-free experience offers more features, more stats, and more fun while also helping to support Sporcle. Thank you for becoming a member.

You're not logged in!

Compare scores with friends on all Sporcle quizzes.
OR
Log In

Show Comments

Extras

Top Quizzes Today


Score Distribution

Your Account Isn't Verified!

In order to create a playlist on Sporcle, you need to verify the email address you used during registration. Go to your Sporcle Settings to finish the process.

Report this User

Report this user for behavior that violates our Community Guidelines.

Details: